Principles of statistical radiophysics /

Bibliographic Details
Main Author: Rytov, S. M., 1908-
Other Authors: Kravt︠s︡ov, I︠U︡. A. (I︠U︡riĭ Aleksandrovich), Tatarskiĭ, V. I. (Valerʹi︠a︡n Ilʹich)
Format: Book
Language:English
Russian
Published: Berlin ; New York : Springer-Verlag, [1987-]
Edition:2. rev. and enl. ed.
Subjects:

MARC

Tag First Indicator Second Indicator Subfields
LEADER 00000cam a2200000 a 4500
001 in00000011832
005 20151007051714.0
008 870219m19879999wb a b 00110 eng
010 |a  87004644  
020 |a 0387125620 (v. 1) 
035 |a (OCoLC)15284174 
035 |9 AAA4378AM 
040 |a DLC  |c DLC  |d TXA  |d UtOrBLW 
041 1 |a eng  |a rus 
049 |a TXAM  |v 1 [A11034158] 
050 0 0 |a QC661  |b .R9213 1987 
082 0 |a 537.5/34  |2 19 
100 1 |a Rytov, S. M.,  |d 1908- 
240 1 0 |a Vvedenie v statisticheskui͡u radiofiziku.  |l English 
245 1 0 |a Principles of statistical radiophysics /  |c S.M. Rytov, Yu.A. Kravtsov, V.I. Tatarskii. 
250 |a 2. rev. and enl. ed. 
264 1 |a Berlin ;  |a New York :  |b Springer-Verlag,  |c [1987-] 
264 4 |c ©1987- 
300 |a volumes :  |b illustrations ;  |c 25 cm. 
336 |a text  |b txt  |2 rdacontent 
337 |a unmediated  |b n  |2 rdamedia 
338 |a volume  |b nc  |2 rdacarrier 
500 |a Translation of: Vvedenie v statisticheskui︠u︡ radiofiziku. 
504 |a Bibliography: volume 1, pages 245-248. 
500 |a Includes index. 
505 1 |a 1. Elements of random process theory. 
650 0 |a Radio waves  |x Mathematics. 
650 0 |a Stochastic processes. 
700 1 |a Kravt︠s︡ov, I︠U︡. A.  |q (I︠U︡riĭ Aleksandrovich) 
700 1 |a Tatarskiĭ, V. I.  |q (Valerʹi︠a︡n Ilʹich) 
999 |a MARS 
999 f f |s e2df98c3-c682-31f7-afef-cf34ac366a4b  |i 469d0b2e-4e90-3594-8f1e-6fbb96c74051  |t 0 
952 f f |p normal  |a Texas A&M University  |b College Station  |c Sterling C. Evans Library  |d Evans: Library Stacks  |t 0  |e QC661 .R9213 1987  |h Library of Congress classification  |i unmediated -- volume  |k v.1  |m A14811034158 
998 f f |a QC661 .R9213 1987  |s v.1  |t 0  |l Evans: Library Stacks